Three weeks with my brother / (Record no. 13695)

000 -LEADER
fixed length control field 01320cam a2200265 a 4500
020 ## - ISBN
ISBN 9781538705452
082 00 - DEWEY DECIMAL CLASSIFICATION NUMBER
Classification number Fic Sp263 2021
100 1# - MAIN ENTRY--PERSONAL NAME
Personal name Sparks, Nicholas.
245 10 - TITLE STATEMENT
Title Three weeks with my brother /
Statement of responsibility, etc. by Nicholas Sparks and Micah Sparks.
260 ## - PUBLICATION, DISTRIBUTION, ETC. (IMPRINT)
Place of publication, distribution, etc. New York :
Name of publisher, distributor, etc. Grand Central Publishing,
Date of publication, distribution, etc. c2004.
300 ## - PHYSICAL DESCRIPTION
Extent/Page number 356 p. :
Other physical details ill. ;
Dimensions 22 cm.
337 ## - MEDIA TYPE
Media type term unmediated
Media type code n
520 ## - SUMMARY, ETC.
Summary, etc. In January 2003, Nicholas Sparks and his brother Micah set off on a three-week-trip around the world. It was to mark a milestone in their lives, for at 37 and 38 respectively, they were now the only surviving members of their family. As they travel the globe, the intimate story of their family unfolds in the details of the untimely deaths of their parents and only sister. Against the backdrop of the wonders of the world, the Sparks brothers band together to heal, to remember, and to learn to live life to the fullest.
526 ## - STUDY PROGRAM INFORMATION NOTE
PROGRAM TYPE FICTION
600 10 - SUBJECT ADDED ENTRY--PERSONAL NAME
Personal name Sparks, Nicholas.
600 10 - SUBJECT ADDED ENTRY--PERSONAL NAME
Personal name Sparks, Nicholas
General subdivision Family.
600 10 - SUBJECT ADDED ENTRY--PERSONAL NAME
Personal name Sparks, Nicholas
General subdivision Travel.
600 10 - SUBJECT ADDED ENTRY--PERSONAL NAME
Personal name Sparks, Micah.
650 #0 - SUBJECT ADDED ENTRY--TOPICAL TERM
Topical term or geographic name as entry element Novelists, American--20th century--Biography.
650 #0 - SUBJECT ADDED ENTRY--TOPICAL TERM
Topical term or geographic name as entry element Americans--Foreign countries.
650 #0 - SUBJECT ADDED ENTRY--TOPICAL TERM
Topical term or geographic name as entry element Brothers--United States.
650 #0 - SUBJECT ADDED ENTRY--TOPICAL TERM
Topical term or geographic name as entry element Voyages and travels.
700 1# - ADDED ENTRY--PERSONAL NAME/OTHER AUTHORS
Personal name Sparks, Micah.
942 ## - ADDED ENTRY ELEMENTS
Classification
Item type Book
Holdings
Withdrawn status Lost status Source of classification or shelving scheme Damaged status Not for loan Collection code Permanent Location Current Location Shelving location Date acquired Source of acquisition Cost, normal purchase price Inventory number Full call number Barcode Date last seen Copy number Cost, replacement price Price effective from Item type
          Fiction High School Library High School Library Fiction 2025-10-15 Library Budget 951.00 8247 Fic Sp263 2021 HS8247 2026-01-13 1 2102.00 2025-10-15 Book